Metric drawing working sheets (Record no. 82889)
[ view plain ]
| 000 -LEADER | |
|---|---|
| fixed length control field | 00619nam a2200145 a 4500 |
| 008 - FIXED-LENGTH DATA ELEMENTS--GENERAL INFORMATION | |
| fixed length control field | 120416s1969 ||||||||||||||||| || u |
| 050 ## - LIBRARY OF CONGRESS CALL NUMBER | |
| Classification number | T 353 Mal |
| 100 ## - MAIN ENTRY--PERSONAL NAME | |
| Personal name | Malcolm, W. F |
| 245 10 - TITLE STATEMENT | |
| Title | Metric drawing working sheets |
| 260 ## - PUBLICATION, DISTRIBUTION, ETC. | |
| Place of publication, distribution, etc. | Edinburgh |
| Name of publisher, distributor, etc. | Oliver and Boyd |
| Date of publication, distribution, etc. | 1969 |
| 300 ## - PHYSICAL DESCRIPTION | |
| Extent | Iv, 60p. : ill |
| 350 ## - | |
| -- | 0.00 |
| 995 ## - | |
| -- | MAIN LIBRARY OPEN ACCESS |
| -- | 0.00 |
| -- | 719824 |
| -- | CBU-MAIN LIBRARY (Kitwe) |
| -- | 2 |
| -- | 8.95 |
| -- | T 353 Mal |
| -- | 1 |
| -- | AVAILABLE |
| -- | 025531 |
| -- | Main Library Open Access Collection |
| 995 ## - | |
| -- | BINDERY (DAMAGED) |
| -- | 0.00 |
| -- | 719823 |
| -- | CBU-MAIN LIBRARY (Kitwe) |
| -- | 1 |
| -- | 8.95 |
| -- | T 353 Mal |
| -- | DAMAGED |
| -- | 018390 |
| -- | Main Library Open Access Collection |
| 999 ## - | |
| -- | 82889 |
| -- | 82889 |
| Withdrawn status | Lost status | Source of classification or shelving scheme | Damaged status | Not for loan | Permanent Location | Current Location | Shelving location | Date acquired | Total Checkouts | Full call number | Barcode | Date last seen | Copy number | Price effective from | Koha item type |
|---|---|---|---|---|---|---|---|---|---|---|---|---|---|---|---|
| CBU-MAIN LIBRARY, KITWE. | CBU-MAIN LIBRARY, KITWE. | 09/29/2023 | T 353 Mal | 025531 | 09/29/2023 | 1 | 09/29/2023 | MONOGRAPH | |||||||
| CBU-MAIN LIBRARY, KITWE. | CBU-MAIN LIBRARY, KITWE. | 09/29/2023 | T 353 Mal | 018390 | 09/29/2023 | 2 | 09/29/2023 | MONOGRAPH |